| 000 | 00605nam a2200193 i 4500 | ||
|---|---|---|---|
| 001 | 128478 | ||
| 003 | ES-MaACL | ||
| 005 | 20230906193309.0 | ||
| 007 | t| | ||
| 008 | 070514s1971 sp a |||| | spa d | ||
| 080 | _a619.616.995.132.8:636.4 | ||
| 100 | 1 |
_aTalegón Heras, Félix. _9109120 |
|
| 245 | 1 | 4 |
_aLas lombrices del cerdo / _cFélix Talegón Heras. |
| 260 |
_aMadrid : _b[Capacitación Agraria], _c1971. |
||
| 300 |
_a64 p : _bil. ; _c24 cm. |
||
| 650 | 1 | 4 |
_aCerdos- _xParásitos. _910900 |
| 710 | 1 |
_aEspaña. _bDirección General de Capacitación Agraria. _93712 |
|
| 852 |
_aES-MaACL _jC-44126 |
||
| 999 |
_c128478 _d128478 |
||